| 000 | 03576nam0a2200457 4500 | ||
|---|---|---|---|
| 001 | RU\NLR\bibl\1498608 | ||
| 005 | 20260407064500.0 | ||
| 010 |
_a978-5-17-062890-2 _bАСТ |
||
| 010 |
_a978-5-403-02575-1 _bАСТ Москва |
||
| 010 |
_a978-5-4215-0052-0 _bПолиграфиздат _93000 |
||
| 021 |
_aRU _b2010-13149 _9874 |
||
| 035 | _a(nilc)RSL-KNO-004588265 | ||
| 035 | _a(LIBNET)IZD\AST\2007\963147 | ||
| 035 | _aIZD\AST\2007\963147 | ||
| 035 | _a(NLR Aleph) 001490081 | ||
| 090 |
_a1758051 _c1758051 |
||
| 100 | _a20100203d2009 |||y0rusy50 ca | ||
| 101 | 1 |
_arus _ceng |
|
| 102 | _aRU | ||
| 105 | _ay zzzz||||| | ||
| 200 | 1 |
_aКарл фон Клаузевиц "О войне" _fХью Стрэчен _g[пер. с англ. О. Жуковой] |
|
| 210 |
_aМосква _cACT _cПолиграфиздат _d2009 (макет 2010) |
||
| 215 |
_a319 с. _d21 |
||
| 225 | 1 | _a10 книг, изменивших мир | |
| 320 | _aБиблиогр. в примеч.: с. 281-307 | ||
| 330 | _a"О войне" Карла фон Клаузевица. Книга, которую называют "одним из величайших произведений о военной стратегии в истории человечества". Впервые она была опубликована в Германии после окончания наполеоновских войн - и до сих пор изучается в большинстве военных академий. Она оказала настолько значительное влияние на развитие воинского искусства XX века, что многие ее тезисы с успехом использовались в Первой и Второй мировой войне. Более того, многие ученые и публицисты по сей день считают именно Карла фон Клаузевица и его теорию "абсолютной войны" виновными в жестокости, с которой велись войны прошлого столетия. Однако есть ли в этих обвинениях зерно истины? Не стал ли Карл фон Клаузевиц жертвой исторической несправедливости? Так ли уж он защищает и воспевает в своем произведении войну, как это принято считать? На эти вопросы один из самых известных военных историков мира Хью Стрэчен дает в своей книге оригинальные и исчерпывающие ответы... | ||
| 604 |
_1700#1$aКлаузевиц$gКарл фон$bК. фон$f1780 - 1831 _150010$a"О войне"$2nlr_sh2$3RU\NLR\AUTH\66225686 _aКлаузевиц, Карл фон (1780 - 1831) _t"О войне" _91308319 _3RU\NLR\AUTH\66225686 |
||
| 686 | 1 | _aЦ1,8(4Г)2 | |
| 700 | 1 |
_aСтрэчен _bХ. _gХью _4070 |
|
| 702 | 1 |
_4570 _7ca _8rus _aКлаузевиц _bК. фон _f1780-1831 _gКарл фон _3RU\NLR\AUTH\7714679 _9124349 |
|
| 801 | 0 |
_aRU _bЛИБНЕТ _c20100203 _gRCR |
|
| 801 | 1 |
_aRU _bЛИБНЕТ _c20100203 |
|
| 801 | 2 |
_aRU _bЦУНБ Москва _c20100330 _gRCR |
|
| 801 | 1 |
_aRU _bРГБ _c20100203 |
|
| 801 | 2 |
_aRU _bЦУНБ Москва _c20100302 _gRCR |
|
| 801 | 2 |
_aRU _bNLR _c20100414 _grcr |
|
| 830 | _aCODE_OF_LIBNET\000047343 | ||
| 942 | _cBOOK | ||
| 980 | _aNB | ||